• 首页
  • 本馆介绍
  • 公告通知
  • 最新文献
  • 馆藏检索
  • 电子资源
  • 读者导购
  • 参考咨询
  • 我的图书馆
  • 登录
  • 详细信息显示
  • 放入我的书架
  • 预约/预借图书
  • 作者相关作品
  • 分类相关作品
  • 丛书相关作品
  • 出版社相关作品

书目信息

  • 表格格式
  • 工作单格式
  • 卡片格式
题名:
科技人才素质测评理论与应用
    
 
作者: 汪群 , 汪应洛 , 王建中 著
分册:  
出版信息: 北京   科学出版社  1999
页数: 203页
开本: 20cm
丛书名:
单 册:
中图分类: G316
科图分类:
主题词: 科学工作者
电子资源:
ISBN: 7-03-007084-4
000 00749nam0 2200241 450
001 0635152968
005 20060116095339.51
010    @a7-03-007084-4@dCNY13.00
092    @aCN
100    @a20060116d1999 km y0chiy0120 ea
101 0  @achi
102    @aCN@b110000
200 1  @a科技人才素质测评理论与应用@Ake ji ren cai su zhi ce ping li lun yu ying yong@f汪群,汪应洛,王建中著@Fwang qun,wang ying luo,wang jian zhong zhu
210    @a北京@c科学出版社@d1999
215 1  @a203页@d20cm
300    @a国家自然科学基金委员会资助出版
606 0  @a科学工作者
690    @aG316@v4
701  0 @a汪群@Awang qun@4著
701  0 @a汪应洛@Awang ying luo@4著
701  0 @a王建中@Awang jian zhong@4著
801  0 @aCN@bPFT@c20060116
905    @a10447@dG316@e15
    
    科技人才素质测评理论与应用/汪群,汪应洛,王建中著.-北京:科学出版社,1999
    203页;20cm
    国家自然科学基金委员会资助出版
    
    ISBN 7-03-007084-4:CNY13.00
    
●
相关链接 在E读中查询图书 在五车中查询图书 在当当中查询图书 在豆瓣中查询图书


正题名:科技人才素质测评理论与应用     索取号:G316/15         预约/预借

序号 登录号 条形码 馆藏地/架位号 状态 备注
1 0337971   203379717   第一样本阅览室/ [索取号:G316/15] 在馆    
唐山师范学院图书馆 欢迎您!
大连网信软件有限公司© 版权所有